000 00712nam a2200289Ia 4500
005 20260324134230.0
008 008 260324s9999 xx 000 0 eng d
020 _a9780203459232
037 _aEBOOK
040 _aCRL
040 _beng
040 _cCRL
041 _2eng
041 _aeng
084 _qCRL
100 _aSusan Doran; Christopher Durston
_91196061
245 0 _aPrinces, Pastors and People
245 4 _bThe Church and Religion in England, 1500–1689
260 _bTaylor and Francis
260 _c2002
365 _a
365 _b230
856 _uhttp://www.taylorfrancis.com/books/9780203459232
942 _cEBOOK
999 _c1795907
_d1795907